000 01248cad a22002055a 4500
001 L153757
008 110825s2011 xxk f 000 0 eng d
035 _a(Sirsi) u153757
041 0 _aeng
110 2 _aStone Federation Great Britain
_93498
245 0 0 _aNatural stone
_bthe oldest sustainable material
_h[electronic resource]
260 _aFolkestone
_bSFGB
_c2011
505 2 _aNatural Stone. The Oldest Sustainable Material -- Stone: The Green Building Material -- Environmental Impacts -- Sustainability Issues -- Natural Stone Sustainability Awards and examples of stone sustainability -- The role of natural stone in sustainable communities -- Stone Federation Sustainability Statement -- References
520 _aAsks how can the true 'sustainability' of a material like stone be measured and looks at how you can tell if the materials and components being specified for a project have a low environmental impact.
590 _aKA NTK
651 4 _aUnited Kingdom
_y
690 _aBUILT ENVIRONMENT-BUILDING MATERIALS-STONE
856 4 0 _uhttps://www.stone-federationgb.org.uk/Images/Content/Natural%20Stone.%20The%20oldest%20sustainable%20material.pdf
_zView the report free of charge at www.stone-federationgb.org.uk
942 _n0
999 _c112686
_d112686